000 00517nam a2200169Ia 4500
008 090201s9999 xx 000 0 und d
010 _aKPL-39689
040 _bमराठी
041 _aमराठी
082 _a21296
_b39689
100 _aवैजयंती काळे
245 _aथोरला भाऊ
_cवैजयंती काळे
260 _c2004
_bदिलीप प्रकाशन
300 _a279
_bलहान
600 _aथोरला भाऊ
942 _cBOOK
999 _c221000
_d221000